LEADER 00970nam a2200229 i 4500 001 000000195476 003 CaOOAMICUS 005 20101215000000.0 008 101215s1940 it u000 u ita u 013 $a174153 040 $aSeMil$bita 100 1 $aSalaville, Sévérien,$c.$0(OLS)http://semarc/name/38727 245 10$aStudia Orientalia Liturgico. Theologica /$cS. Salaville A. A. 260 $aRoma :$bEphemerides Liturgicae,$c1940. 300 $aXVI, 254 p. ;$c26 cm. 500 $aIn preliminari : La Scuola Cattolica. 650 4$aLiturgia orientale.$0(OLS)http://semarc/subject/3812 650 4$aChiese Orientali - Teologia.$0(OLS)http://semarc/subject/36729 850 $aSeMil 852 $aSeMil$W1$xVenegono$y1$m3K IV 150$j146045$B146045$CSeMilBibl$Z2$F157548 $81 996 $6245$aStudia Orientalia Liturgico. Theologica$9(OLS)http://semarc/title/282051 996 $6260$aRoma :$bEphemerides Liturgicae$9(OLS)http://semarc/publisher/50757 LEADER 00553nab a2200145 i 4500 001 000000279474 003 CaOOAMICUS 005 20130715000000.0 008 130715n xx uu u0 0und r 013 $a31139 040 $aSeMil$bita 245 10$aMartini e la sua foresta. - 16 p. - Titolo principale dalla prima pagina. 500 $a14 luglio 2013. 773 0 $t[2013 : Luglio-Dicembre].$dBologna : Centro Editoriale Dehoniano, 2013.$w()221427 996 $6245$aMartini e la sua foresta. - 16 p. - Titolo principale dalla prima pagina.$9(OLS)http://semarc/title/363121